"A la lucha he venido" la campaą electoral de 1930 en Colombia

Detalles Bibliográficos
Autor principal: Romero Torres, Juliǹ David
Formato: eBook
Lenguaje:español
Publicado: Bogot:̀ Editorial Universidad de Rosario (Colombia), 2018
Materias:
Acceso en línea:Acceso restringido

MARC

LEADER 00000nam a22000007a 4500
005 20190809131328.0
007 cr|||| ||||
008 190809s2018 co |||||s|||| 00||0 spa d
020 |a 978-958-784-140-4 
035 |a 22642 
040 |a vLex 
090 |c 9144  |d 9144 
100 1 |a Romero Torres, Juliǹ David 
245 1 3 |a "A la lucha he venido" la campaą electoral de 1930 en Colombia  |h 1 recurso electrn̤ico  |c Juliǹ David Romero Torres 
256 |a Servicio en ln̕ea 
260 |a Bogot:̀  |b Editorial Universidad de Rosario (Colombia),  |c 2018 
300 |a 1 recurso electrn̤ico 
500 |a Este libro analiza la campaą electoral presidencial de 1930 en Colombia, desde el segundo semestre de 1929, hasta el 9 de febrero de 1930, da̕ de las elecciones. El documento consta de cuatro capt̕ulos que de manera cronolg̤ica narran y analizan el decurso de la campaą: el primero, brinda las pautas contextuales para su entendimiento, en el que se describe el proceso de modernizacin̤ por el que estaba atravesando el pas̕; se analiza el panorama periods̕tico, su funcin̤ social y las polt̕icas de censura. As ̕mismo, se revisan los aportes historiogrf̀icos y se marcan las posibles paradojas de los diferentes tratamientos que se han hecho de la campaą, para finalizar esbozando el marco conceptual que ayudar ̀a la interpretacin̤ de este fenm̤eno polt̕ico en particular. El segundo capt̕ulo reconstruye y analiza la apertura del debate electoral, pasando por los comicios parlamentarios, el inicio de lo que llamamos “el pňdulo clerical”, la proclamacin̤ de las candidaturas de Guillermo Valencia y Alfredo Vs̀quez Cobo, hasta llegar a finales del mes de octubre de 1929. El tercer capt̕ulo, describe la aparicin̤ del candidato Alberto Castrilln̤, el primer socialista que participa en elecciones, dando pie al anl̀isis de las actuaciones del Partido Socialista Revolucionario en campaą. En el l︢timo capt̕ulo se relata la irrupcin̤ de Enrique Olaya Herrera y su correra̕ acelerada; brotes de violencia electoral, Castrilln̤ en plaza pb︢lica, la mujer tribuno, las l︢timas actuaciones de Valencia y Vs̀quez Cobo; tambiň, se explica la cartografa̕ de campaą y el registro de la violencia electoral hasta el da̕ de las elecciones. Es as ̕como se busca hacer un aporte a la historia de la cultura polt̕ica, dǹdole un lugar preponderante a los rituales, discursos, prc̀ticas y formas de representacin̤, mitologa̕s e img̀enes, permitiendo acercarnos a una posible teora̕ de la campaą electoral, sin el ǹimo de plantear una teora̕ acabada o absoluta, en el que los conceptos puedan emerger del mismo acontecimiento estudiado. 
506 1 |a Disponible solo en los productos indicados  |d vLex Global  |d vLex Global (Academic Edition, excluding Law Schools)  |d vLex Global (U.S. Academic Edition, Law Schools)  |d vLex Global (U.S. Academic Edition, excluding Law Schools)  |d vLex Global (Academic Edition, Law Schools) 
650 0 4 |a Ciencia polt̕ica  |z Colombia 
740 0 |a vLex Libros (Servicio en ln̕ea) 
856 4 0 |u http://vlex.com/source/lucha-he-venido-la-campa-a-electoral-de-1930-en-colombia-22642  |z Acceso restringido 
942 |c BOOK 
999 0 |a Politic science